01376 a2200181 45000010006000000050017000060080041000230030015000640400040000790800063001192450098001820200022002802640065003023000018003675050706003851000069010917000034011604637620260407155735.0260407a2006 arg spa dAR-UNSa-BCEJYS aAR-UNSa-BCEJYSbspacAR-UNSa-BCEJYS a303.1xMetodología general en la investigación social 10aXII Encuentro de cátedras de ciencias sociales y humanisticas para la ciencias económicas a978-950-721-315-1 1aSan Salvador de Jujuy :bUniversidad Nacional de Jujuyc2006 a550 p.c21 cm a1. La inserción de las asignaturas de ciencias sociales en la currícula de las facultades de ciencias económicas – 2. La formación de recursos humanos en proyectos de desarrollo social – 3. El aporte en las cátedras de ciencias sociales en la generación y transferencia del conocimiento – 4. Desarrollo social, político y económico – 5. Las transformaciones en el mundo del trabajo y las nuevas respuestas sindicales – 6. Las organizaciones como espacio de (re)construcción social – 7. Simposio desarrollo e industrialismo – 8. Simposio estado y políticas públicas en Argentina (1946-1976). Múltiples miradas en el campo sociocultural, político y económico. 1 aUniversidad Nacional de Salta, Facultad de Ciencias Económicas1 aUniversidad Nacional de Jujuy